| 000 | 01176nam a2200301 i 4500 | ||
|---|---|---|---|
| 001 | 66289 | ||
| 003 | ES-MaACL | ||
| 005 | 20251009172725.0 | ||
| 007 | t| | ||
| 008 | 040203s1983 sp ||||1| spa d | ||
| 020 | _a84-500-8952-2 | ||
| 080 | _a929 Valera, Juan : 32 | ||
| 080 | _a32(460)"18" | ||
| 100 | 1 |
_aGalera Sánchez, Matilde. _953384 |
|
| 245 | 1 | 0 |
_aJuan Valera, político : _bepistolario inédito a don Francisco Moreno Ruiz e intervenciones parlamentarias desconocidas / _cMatilde Galera Sánchez ; prólogo, Antonio Gallego Morell. |
| 260 |
_aCórdoba : _bDiputación Provincial de Córdoba, _c1983. |
||
| 300 |
_a736 p., 8 lám. : _bil. ; _c25 cm. |
||
| 490 | 1 |
_aTextos para la historia de Córdoba ; _v3 |
|
| 500 | _aÍndices. | ||
| 504 | _aBibliografía: p. 729-736. | ||
| 600 | 1 | 7 |
_aValera, Juan, _d1824-1905- _xPensamiento político _2 _9163293 |
| 651 | 7 |
_aEspaña- _xHistoria- _yS.XIX _2 _9142005 |
|
| 700 | 0 |
_aGallego Morell, Antonio, _d1923-2009 _953576 |
|
| 710 | 1 |
_aCórdoba (Provincia). _bDiputación Provincial. _93299 |
|
| 830 | 1 |
_aTextos para la historia de Córdoba ; _v3 _9230793 |
|
| 852 | 4 |
_aES-MaACL _jL-5648 |
|
| 999 |
_c66289 _d66289 |
||